Left on red :how to ignite, leverage, and build visionary organizations -(E-BOOK) (Record no. 192952)

000 -LEADER
fixed length control field 01136 a2200289 4500
003 - CONTROL NUMBER IDENTIFIER
control field Nust
005 - DATE AND TIME OF LATEST TRANSACTION
control field 20170207154047.0
010 ## - LIBRARY OF CONGRESS CONTROL NUMBER
LC control number 2008011994
020 ## - INTERNATIONAL STANDARD BOOK NUMBER
International Standard Book Number 0470230231 (cloth)
020 ## - INTERNATIONAL STANDARD BOOK NUMBER
International Standard Book Number 9780470230237 (cloth)
035 ## - SYSTEM CONTROL NUMBER
System control number (OCoLC)182733882
035 ## - SYSTEM CONTROL NUMBER
System control number (OCoLC)ocn182733882
040 ## - CATALOGING SOURCE
Transcribing agency Nust
082 00 - DEWEY DECIMAL CLASSIFICATION NUMBER
Classification number 658.4092
100 1# - MAIN ENTRY--PERSONAL NAME
Personal name Glynn, Bill,
245 10 - TITLE STATEMENT
Title Left on red :how to ignite, leverage, and build visionary organizations -(E-BOOK)
Statement of responsibility, etc. Bill Glynn.
260 ## - PUBLICATION, DISTRIBUTION, ETC.
Place of publication, distribution, etc. Hoboken, N.J. :
Name of publisher, distributor, etc. Wiley,
Date of publication, distribution, etc. c2008.
300 ## - PHYSICAL DESCRIPTION
Extent xiii, 225 p. ;
Dimensions 24 cm.
505 ## - FORMATTED CONTENTS NOTE
Formatted contents note The Visionary (Page-1), The Future (Page-37), The Art Of A Deal (Page-71), The Strength Of Social Capital (Page-125).
650 #0 - SUBJECT ADDED ENTRY--TOPICAL TERM
Topical term or geographic name entry element Leadership.
650 #0 - SUBJECT ADDED ENTRY--TOPICAL TERM
Topical term or geographic name entry element Organizational effectiveness.
650 #0 - SUBJECT ADDED ENTRY--TOPICAL TERM
Topical term or geographic name entry element Success in business.
651 ## - SUBJECT ADDED ENTRY--GEOGRAPHIC NAME
Geographic name E-BOOK
856 42 - ELECTRONIC LOCATION AND ACCESS
Materials specified Contributor biographical information
Uniform Resource Identifier <a href="http://www.loc.gov/catdir/enhancements/fy0829/2008011994-b.html">http://www.loc.gov/catdir/enhancements/fy0829/2008011994-b.html</a>
856 42 - ELECTRONIC LOCATION AND ACCESS
Materials specified Publisher description
Uniform Resource Identifier <a href="http://www.loc.gov/catdir/enhancements/fy0827/2008011994-d.html">http://www.loc.gov/catdir/enhancements/fy0827/2008011994-d.html</a>
856 42 - ELECTRONIC LOCATION AND ACCESS
Materials specified Table of contents only
Uniform Resource Identifier <a href="http://www.loc.gov/catdir/enhancements/fy0827/2008011994-t.html">http://www.loc.gov/catdir/enhancements/fy0827/2008011994-t.html</a>
942 ## - ADDED ENTRY ELEMENTS (KOHA)
Source of classification or shelving scheme
Koha item type Book
Holdings
Withdrawn status Lost status Source of classification or shelving scheme Damaged status Not for loan Collection code Permanent Location Current Location Date acquired Total Checkouts Full call number Barcode Date last seen Price effective from Koha item type
            Military College of Signals (MCS) Military College of Signals (MCS) 12/12/2016   658.4092 GLY MCSEB-2338 12/08/2016 12/12/2016 Book
© 2023 Central Library, National University of Sciences and Technology. All Rights Reserved.